Normal view MARC view

Entry Topical Term

Number of records used in: 1

001 - CONTROL NUMBER

  • control field: 6184

003 - CONTROL NUMBER IDENTIFIER

  • control field: OSt

005 - DATE AND TIME OF LATEST TRANSACTION

  • control field: 20190607105951.0

008 - FIXED-LENGTH DATA ELEMENTS

  • fixed length control field: 190607|| aca||aabn | a|a d

040 ## - CATALOGING SOURCE

  • Original cataloging agency: OSt
  • Transcribing agency: OSt

150 ## - HEADING--TOPICAL TERM

  • Topical term or geographic name entry element: History -Catalonia

670 ## - SOURCE DATA FOUND

  • Source citation: Work cat.: (OSt)509444: Wagner, Peter 5261, Towards a conceptual history of the present: Democracy, rights, and freedom in the recent Catalan conflict, 2018

Powered by Koha